000 01309nam a22003617a 4500
003 CHAP
005 20220329135949.0
008 971013s1987 r 00010 d
010 _a44802
011 _a45774
035 _a49913
040 _cCHAP
090 _aTesis
100 0 0 _aRamos Oropeza, Javier David.
_994469
245 _aModelos emíricos estadísticos para estimar rendimientos de caña en la región centro del estado de Veracruz
260 _aChapingo, Méx. :
_bEl autor,
_c1987
300 _a94 h.
502 _aTesis (M. C. Esp. en Edafología) -- Colegio de Postgraduados. Centro de Edafología
590 _aALEPH
_b10
_c20130110
_lUCH01
_h1314
590 _aBATCH-UPD
_b10
_c20130110
_lUCH01
_h0224
590 _aBATCH-UPD
_b10
_c20130110
_lUCH01
_h1612
590 _aBATCH-UPD
_b10
_c20130409
_lUCH01
_h2246
590 _aBATCH-UPD
_b10
_c20130410
_lUCH01
_h1409
590 _aBATCH-UPD
_b10
_c20130914
_lUCH01
_h0836
590 _aCONVERSION
_b10
_c20130109
_lUCH01
_h1325
650 1 4 _aCaña de azúcar
_xMétodos estadísticos.
_918632
650 1 4 _aCaña de azúcar
_xRendimiento.
_918643
650 1 4 _aCaña de azúcar
_zVeracruz.
_918672
901 _aBK
942 _cFOLL
949 _bBC
_cTES
_d-112425
_eTS1
_h20018
_i49913
_si
949 _bBC
_cTES
_d-112426
_eTS2
_fc.2
_h20019
_i49913
_si
999 _c44802
_d44802